Критерии диагностики атипичной депрессии (Запись № 13635580)

Подробности
000 -МАРКЕР
контрольное поле 02720nam0a2200409 4500
001 - ИДЕНТИФИКАТОР ЗАПИСИ
контрольное поле RU\NLR\BIBL_A\022695344
005 - ИДЕНТИФИКАТОР ВЕРСИИ
контрольное поле 20260312145143.0
010 ## - МЕЖДУНАРОДНЫЙ СТАНДАРТНЫЙ НОМЕР КНИГИ (ISBN)
Номер (ISBN) 978-5-86002-431-1
021 ## - НОМЕР ГОСУДАРСТВЕННОЙ РЕГИСТРАЦИИ
Код страны Российская Федерация
Номер КН-П-25-068418
Номер Листа государственной регистраци КН-П-25-6626
035 ## - ДРУГИЕ СИСТЕМНЫЕ НОМЕРА
Идентификатор записи (NLR Aleph) 022695344
100 ## - ДАННЫЕ ОБЩЕЙ ОБРАБОТКИ
Данные общей обработки 20251224d2025 k y0rusy50 ca
101 0# - ЯЗЫК РЕСУРСА
Язык текста, звукозаписи и т.д. русский
102 ## - СТРАНА ПУБЛИКАЦИИ ИЛИ ПРОИЗВОДСТВА
Страна публикации Российская Федерация
105 ## - ПОЛЕ КОДИРОВАННЫХ ДАННЫХ: ТЕКСТОВЫЕ МАТЕРИАЛЫ, МОНОГРАФИЧЕСКИЕ
Кодированные данные о монографическом текстовом документе y z 000yy
181 #0 - ПОЛЕ КОДИРОВАННЫХ ДАННЫХ: ВИД СОДЕРЖАНИЯ
Код вида содержания (ISBD) i4
Код характеристики содержания (ISBD) axxe
182 #0 - ПОЛЕ КОДИРОВАННЫХ ДАННЫХ: ТИП СРЕДСТВА
Код типа средства (ISBD) n - непосредственное
200 1# - ЗАГЛАВИЕ И СВЕДЕНИЯ ОБ ОТВЕТСТВЕННОСТИ
Основное заглавие Критерии диагностики атипичной депрессии
Сведения, относящиеся к заглавию аналитический обзор
-- для врачей-психиатров, психотерапевтов, медицинских психологов т других специалистов, участвующих в оказании психиатрической помощи
Первые сведения об ответственности А. С. Аведисова - д-р мед. наук, профессор, М. П. Марачев - канд. мед. наук, К. В. Захарова - канд. мед. наук, Г. К. Дашкина
Последующие сведения об ответственности Министерство здравоохранения Российской Федерации, Национальный медицинский исследовательский центр психиатрии и наркологии имени В. П. Сербского
203 ## - ВИД СОДЕРЖАНИЯ И ТИП СРЕДСТВА
Вид содержания Текст
Дополнительные сведения об издании визуальный
Тип средства непосредственный
205 ## - СВЕДЕНИЯ ОБ ИЗДАНИИ
Сведения об издании 2-е изд.
210 ## - ПУБЛИКАЦИЯ, РАСПРОСТРАНЕНИЕ И ДР.
Место издания, распространения и т.д. Москва
Имя издателя, распространителя и т. д. Национальный медицинский исследовательский центр психиатрии и наркологии имени В. П. Сербского
Дата издания, распространения и т.д. 2025
215 ## - ФИЗИЧЕСКАЯ ХАРАКТЕРИСТИКА
Специфическое обозначение материала и объем 27 с.
Размеры 21
225 1# - СЕРИЯ
Основное заглавие серии Психиатрия
Обозначение тома 4
300 ## - ОБЩИЕ ПРИМЕЧАНИЯ
Текст примечания Авт. указаны на обороте тит. с. и обл.
320 ## - ПРИМЕЧАНИЯ О НАЛИЧИИ В ДОКУМЕНТЕ БИБЛИОГРАФИИ / УКАЗАТЕЛЯ
Текст примечания Библиогр.: с. 17-27
606 1# - НАИМЕНОВАНИЕ ТЕМЫ КАК ПРЕДМЕТ
Наименование темы Депрессия (психиатр.)
Тематический подзаголовок Диагностика
Системный номер авторитетной/нормативной записи 984096
Идентификатор авторитетной/нормативной записи RU\NLR\AUTH\66370875
686 1# - ИНДЕКСЫ ДРУГИХ КЛАССИФИКАЦИЙ
Индекс Р64-323.13-4
701 #1 - ИМЯ ЛИЦА - АЛЬТЕРНАТИВНАЯ ОТВЕТСТВЕННОСТЬ
Начальный элемент ввода Аведисова
Часть имени, кроме начального элемента ввода А. С.
Расширение инициалов личного имени Алла Сергеевна
701 #1 - ИМЯ ЛИЦА - АЛЬТЕРНАТИВНАЯ ОТВЕТСТВЕННОСТЬ
Начальный элемент ввода Марачев
Часть имени, кроме начального элемента ввода М. П.
Расширение инициалов личного имени Максим Павлович
701 #1 - ИМЯ ЛИЦА - АЛЬТЕРНАТИВНАЯ ОТВЕТСТВЕННОСТЬ
Начальный элемент ввода Захарова
Часть имени, кроме начального элемента ввода К. В.
Дополнения к именам, кроме дат канд. мед. наук, психиатрия
Расширение инициалов личного имени Ксения Валерьевна
Системный номер авторитетной/нормативной записи 2693538
Идентификатор авторитетной/нормативной записи RU\NLR\AUTH\770288887
701 #1 - ИМЯ ЛИЦА - АЛЬТЕРНАТИВНАЯ ОТВЕТСТВЕННОСТЬ
Начальный элемент ввода Дашкина
Часть имени, кроме начального элемента ввода Г. К.
Расширение инициалов личного имени Гузель Камиловна
712 02 - НАИМЕНОВАНИЕ ОРГАНИЗАЦИИ - ВТОРИЧНАЯ ОТВЕТСТВЕННОСТЬ
Код отношения Издающая организация
Начальный элемент ввода Национальный медицинский исследовательский центр психиатрии и наркологии им. В. П. Сербского
Идентифицирующий признак Москва
Системный номер авторитетной/нормативной записи 580352
Идентификатор авторитетной/нормативной записи RU\NLR\AUTH\880458683
942 ## - ДОПОЛНИТЕЛЬНЫЕ ЭЛЕМЕНТЫ ЗАПИСИ (АБИС)
Тип экземпляра АБИС Книга
980 ## - КОЛЛЕКЦИЯ
Название коллекции Национальная библиография

Нет доступных экземпляров.